Una domenica in campagna /

Saved in:
Bibliografiske detaljer
Hovedforfatter: Fauré, Gabriel, (1845-1924) (Composer)
Andre forfattere: Tavernier, Bertrand (Director), Chaumette, Monique (Actor), Aumont, Michel, (1936-2019 attore) (Actor), Mnich, Genevieve (Actor), Azéma, Sabine (Actor), Tavernier O'Hagan, Colo (Scenarist), Ducreux, Louis (Actor)
Format: Slide
Sprog:italiensk
Udgivet: Roma : La Repubblica, [1995?]
Serier:La Repubblica cinema
Tags: Tilføj Tag
Ingen Tags, Vær først til at tagge denne postø!

MARC

LEADER 00000ngm a22000007i 4500
001 IT\ICCU\UBO\2154576
003 ItRI
005 20260124182922.0
008 030630s1995 it |||||||||||||||k|||||c
040 |b ita 
041 7 |a ita  |2 ISO-639-2 
130 3 |a Un dimanche a la campagne <film ; 1984>  |3 IT\ICCU\RAV\0277316 
245 0 4 |a Una domenica in campagna /  |c di Bertrand Tavernier ; scritto da Bertrand Tavernier, Colo Tavernier O'Hagan ; musica di Gabriel Fauré. 
246 1 3 |a Una domenica in campagna <videoregistrazione>  |9 IT\ICCU\MOD\0849568 
260 |a Roma :  |b La Repubblica,  |c [1995?] 
300 |a 1 videocassetta VHS ca. 94 min. :  |b color., son 
500 |a Tit. del contenitore 
500 |a Film del 1984, Francia; interpreti: Louis Ducreux, Sabine Azéma, Michel Aumont 
500 |a Suppl. a: Il venerdì di Repubblica. 
700 1 |a Tavernier, Bertrand  |0 IT\ICCU\MILV\087992  |4 drt 
700 1 |a Chaumette, Monique  |0 IT\ICCU\MODV\342133  |4 act 
700 1 |a Fauré, Gabriel,  |d  (1845-1924)  |0 IT\ICCU\RAVV\034770  |4 cmp 
700 1 |a Aumont, Michel,  |d  (1936-2019  |c attore)  |0 IT\ICCU\UBOV\246932  |4 act 
700 1 |a Mnich, Genevieve  |0 IT\ICCU\UBOV\360160  |4 act 
700 1 |a Azéma, Sabine  |0 IT\ICCU\UBOV\482825  |4 act 
700 1 |a Tavernier O'Hagan, Colo  |0 IT\ICCU\UBOV\495194  |4 sce 
700 1 |a Ducreux, Louis  |0 IT\ICCU\UBOV\751731  |4 act 
790 1 |a Fauré, Gabriel  |c  (compositore)  |3 IT\ICCU\BCTV\000206  |z Fauré, Gabriel (1845-1924) 
790 1 |a Fauré, Gabriel-Urbain  |3 IT\ICCU\SBNV\044599  |z Fauré, Gabriel (1845-1924) 
830 3 |a La Repubblica cinema  |0 IT\ICCU\TO0\0830765 
942 |2 ddc  |c VM  |n 0 
952 |0 0  |1 0  |4 0  |6 VO_800_000000000000000  |7 0  |9 28057  |a BO  |b BO  |d 2026-01-24  |i 7700  |l 0  |o VO 800  |p BO7700  |r 2026-01-24 18:29:22  |w 2026-01-24  |x [Sebina 5] [1 videocassetta]  |y VM  |z 1 videocassetta 
981 1 |6 z01  |a b   |b xa2e  
982 1 |6 z01  |a g 
999 |c 23781  |d 23781